000 02701cam a2200349 a 4500
003 EG-GiCUC
005 20250223031238.0
008 150614s2014 ua h f m 000 0 eng d
040 _aEG-GiCUC
_beng
_cEG-GiCUC
041 0 _aeng
049 _aDeposite
097 _aPh.D
099 _aCai01.11.15.Ph.D.2014.Ah.S
100 0 _aAhmed Farid Elshazly
245 1 2 _aA study of human papilloma virus (HPV) infection of the cervix in Egyptian females by cytology, histopathology, colposcopy and HPV genotyping /
_cAhmed Farid Elshazly ; Supervised Mona Abdelbadeeh Nayel , Olfat Gamil Shaker , Hala Naguib Hosni
246 1 5 _a دراسة الاصابة بفيروس الورم الحليمى البشرى فى عنق الرحم لدى السيدات المصريات عن طريق علم الخلية والهيستوباثولوجى والمنظار المهبلى والنمط الجينى لفيروس الورم الحليمى البشرى
260 _aCairo :
_bAhmed Farid Elshazly ,
_c2014
300 _a165 Leaves :
_bfacsimiles ;
_c25cm
502 _aThesis (Ph.D.) - Cairo University - Faculty of Medicine - Department of Gynecology and Obstetrics
520 _aIn this study the golden standard test for detection of HPV was considered PCR-ISH tissue. We found PCR-ISH tissue was positive in 16 cases (53.33%) and 14 cases (46.6%) were negative. The age of studied group ranged from (20-50) years with mean and standard deviation (SD) 32.77+7.99 while the duration of marriage in 29 cases (0.5-30) years, as one was divorced, with mean and SD 12.95+8.26. Comparing the result of pap smear, histopathology, colposcopy and PCR swap in diagnosis of HPV with the golden standard test ISH PCR tissue, the sensitivity were 87.5%, 100%, 62.5% and 56,2% respectively but the specificity were 78.6%, 42.9%, 28.6% and 100% respectively This study aimed to evaluate the different methods of diagnosis of cervical HPV infection in Egyptian females by cytology, histopathology, colposcopy and HPV genotyping.This study included 30 patient with either abnormal pap smears prior to colposcopic examination (10 cases) and abnormal T Z zone on colposcopic examination (20 cases).We considered Pap smear result suggestive of the presence of HPV infection when we found (ASUS, LSIL, HSIL, koliocytic atypia)
530 _aIssued also as CD
653 4 _aHistopathology
653 4 _aHPV
653 4 _aPCR
700 0 _aHala Naguib Hosni ,
_eSupervisor
700 0 _aMona Abdelbadeeh Nayel ,
_eSupervisor
700 0 _aOlfat Gamil Shaker ,
_eSupervisor
856 _uhttp://172.23.153.220/th.pdf
905 _aAml
_eCataloger
905 _aNazla
_eRevisor
942 _2ddc
_cTH
999 _c51306
_d51306